000 00290nam a22001337a 4500
008 181224b xxu||||| |||| 00| 0 eng d
020 _a9781571104120
041 _aeng
080 _a621
100 _a27
101 _aMAK
245 _aMechanicall7 Inclineal
_cVicki.S
942 _2udc
_cBK
999 _c53745
_d53745